[Event "SWE-chT 1920 Elite"]
[Site "Sweden"]
[Date "2020.01.31"]
[Round "4.2"]
[White "Gonzalez, Emilio"]
[Black "Malesevic, Nedeljko"]
[Result "1/2-1/2"]
[WhiteElo "1936"]
[BlackElo "2251"]
[PlyCount "43"]
[EventDate "2019.10.18"]
[EventType "team-tourn"]
[EventRounds "9"]
[EventCountry "SWE"]
[SourceTitle "CBM 194 Extra"]
[Source "ChessBase"]
[SourceDate "2020.03.31"]
[SourceVersion "1"]
[SourceVersionDate "2020.03.31"]
[SourceQuality "1"]
[WhiteTeam "Vaxjo"]
[BlackTeam "Eksjo"]
[WhiteTeamCountry "SWE"]
[BlackTeamCountry "SWE"]

1. c4 f5 2. g3 Nf6 3. Bg2 g6 4. Nc3 Bg7 5. Nf3 0-0 6. 0-0 d6 7. d3 e5 8. Bg5 h6 9. Bxf6 Bxf6 10. Nd2 c6 11. Rb1 Rf7 12. Qc2 Be6 13. b4 Nd7 14. b5 Rc8 15. e4 f4 16. bxc6 bxc6 17. Rb7 Rc7 18. Rfb1 Rxb7 19. Rxb7 Nc5 20. Rxf7 Kxf7 21. gxf4 exf4 22. Ne2 1/2-1/2